000 01067nam0a22002651 4500
001 rc\4043587
005 20130415141145.6
021 _aRU
_b[52-37780]
035 _a(NLR Aleph) 008101122
090 _a9244872
_c9244872
100 _a20130415d1952 |||y0rusy50 ca
101 0 _arus
102 _aRU
105 _aa z |||||
200 1 _aСборник задач по геометрии
_eПособие для заочников пед. училищ
_fГл. упр. высш. учеб. заведений М-ва просвещения РСФСР. Науч.-метод. кабинет по заоч. обучению учителей
210 _aМосква
_cУчпедгиз
_d1952
215 _a104 с.
_cчерт.
_d22
606 _aГеометрия
_jЗадачники
_2psbo
700 1 _aИгнатьев
_bВ. А.
_gВенедикт Антонович
701 1 _aПономарев
_bС. А.
_gСемен Алексеевич
801 0 _aRU
_bNLR
_gpsbo
801 1 _aRU
_bELAR
_2rusmarc
852 _aNLR
_jМт02 Г-5/394
942 _cBOOK
980 _aNB